Statistics for Miami Heat NBA Playoffs Leaders Per Year

Click here to take the quiz!

General Stats

  • This quiz has been taken 645 times
    (27 since last reset)
  • The average score is 15 of 41

Answer Stats

Player% Correct
Bam Adebayo
100%
Caron Butler
100%
Jimmy Butler
100%
LeBron James
100%
Dwyane Wade
93%
Chris Bosh
89%
Alonzo Mourning
85%
Shaquille O'Neal
85%
Tyler Herro
85%
Tim Hardaway
74%
Jermaine O'Neal
70%
Udonis Haslem
59%
Goran Dragić
52%
Hassan Whiteside
48%
Mario Chalmers
48%
Eddie Jones
37%
Glen Rice
33%
James Johnson
33%
Joel Anthony
26%
Josh Richardson
26%
Quentin Richardson
26%
Steve Smith
26%
Tony Smith
26%
Nikola Jović
22%
Rony Seikaly
19%
Brian Grant
15%
Justise Winslow
15%
P.J. Brown
15%
Andre Iguodala
7%
Dan Majerle
7%
Kelly Olynyk
7%
Anthony Carter
4%
Dewayne Dedmon
4%
Eddie House
4%
Grant Long
4%
Bimbo Coles
0%
Chris Gatling
0%
Eric Murdock
0%
James Posey
0%
Luol Deng
0%
Precious Achiuwa
0%

Score Distribution

Percentile by Number Answered

Percent of People with Each Score

Your Score History

You have not taken this quiz since the last reset